000
00226nam a2200097Ia 4500
008
220204s9999 xx 000 0 und d
082
_a
82-3
_b
HAR
100
_a
Hardy, Thomas
245
0
_a
Far from the madding crowd
942
_c
BK
999
_c
38229
_d
38229